000 00854cam a22002291 4500
001 000011800
005 20200929162554.0
008 800418s1960 es b 100 0 spa
010 _a66039905
035 _a(OCoLC)6217337
040 _aDO-SdBNP
_cTxU
_dDLC
042 _apremarc
050 0 0 _aPC4068.S3
_bM4
111 2 _aMesa Redonda sobre la Conservacion y Ensenanza del Castellano
_n(1st :
_d1960 :
_cSan Salvador)
_927935
245 1 0 _aPrimera Mesa Redonda sobre la Conservacion y Ensenanza del Castellano.
260 _aSan Salvador, :
_bMinisterio de Cultura. Departamento Editorial,
_c[1960].
300 _a141 p. ;
_c25 cm.
504 _aBibliography: p. 103-105.
650 0 _aSpanish language
_xStudy and teaching
_zEl Salvador.
_927936
710 1 _aEl Salvador.
_bDepartamento de Educacion.
_927937
910 _aCatalogación por copia / LC
999 _c11474
_d11474